LEADER 03608nam 2200649Ia 450 001 9910973514403321 005 20200520144314.0 010 $a9786610537907 010 $a9781280537905 010 $a1280537906 010 $a9781846422171 010 $a1846422175 035 $a(CKB)1000000000024417 035 $a(SSID)ssj0000387439 035 $a(PQKBManifestationID)11268993 035 $a(PQKBTitleCode)TC0000387439 035 $a(PQKBWorkID)10403973 035 $a(PQKB)10688720 035 $a(MiAaPQ)EBC290715 035 $a(Au-PeEL)EBL290715 035 $a(CaPaEBR)ebr10068569 035 $a(CaONFJC)MIL53790 035 $a(OCoLC)567812503 035 $a(Perlego)951329 035 $a(EXLCZ)991000000000024417 100 $a20031215d2004 uy 0 101 0 $aeng 135 $aurcn||||||||| 181 $ctxt 182 $cc 183 $acr 200 00$aSocial work, immigration and asylum $edebates, dilemmas and ethical issues for social work and social care practice /$fedited by Debra Hayes and Beth Humphries ; foreword by Steve Cohen 205 $a1st ed. 210 $aLondon ;$aNew York $cJessica Kingsley Publishers$dc2004 215 $a240 p 300 $aBibliographic Level Mode of Issuance: Monograph 311 08$a9781849853699 311 08$a184985369X 311 08$a9781843101949 311 08$a1843101947 320 $aIncludes bibliographical references and index. 327 $aHistory and context : the impact of immigration control on welfare delivery / Debra Hayes -- The construction and reconstruction of social work / Beth Humphries -- Refugees, asylum seekers, welfare and social work / Beth Humphries -- Dilemmas of care and control : the work of an asylum team in a London borough / Rosemary Sales and Rachel Hek -- Immigration is a social work issue / John Collett -- Social work intervention : the deconstruction of individuals as a means of gaining a legislative perspective to remain in the United Kingdom / Chris Brown -- And now it has started to rain : support and advocacy with adult asylum-seekers in the voluntary sector / Peter Fell -- Social work responses to accompanied asylum-seeking children / Pete Grady -- 'Not our problem' : the provision of services to disabled refugees and asylum-seekers / Jennifer Harris and Keri Roberts -- Asylum-seekers as offenders and victims within the criminal justice system / Angela Montgomery -- A comparison of two European resettlement programmes for young refugees / Michael Wells and Susanna Hoikkala -- Asylum-seeker and migrant children in Ireland : racism, institutional neglect and social work / Bryan Fanning -- Conclusion / Debra Hayes and Beth Humphries. 330 $aThe practical and ethical challenges facing human service professionals working with refugees, asylum seekers and other people subject to immigration controls are discussed in this book. The contributors explore the tensions that exist between anti-oppressive values and the role professionals increasingly play as 'gate keepers' to services. 606 $aSocial work with immigrants$zGreat Britain 607 $aGreat Britain$xEmigration and immigration$xGovernment policy 615 0$aSocial work with immigrants 676 $a362.87/53/0941 701 $aCohen$b Steve$f1945-$01809382 701 $aHayes$b Debra$f1960-$01810279 701 $aHumphries$b Beth$f1940-$01810280 801 0$bMiAaPQ 801 1$bMiAaPQ 801 2$bMiAaPQ 906 $aBOOK 912 $a9910973514403321 996 $aSocial work, immigration and asylum$94361548 997 $aUNINA